[Event "It (open)"]
[Site "masterchessopen.com Dubai (United Arab Emirates)"]
[Date "2007.04.29"]
[Round "8"]
[White "Guliev Sarhan (AZE)"]
[Black "Al-Modiahki Mohamad (QAT)"]
[Result "1-0"]
[WhiteElo "2487"]
[BlackElo "2572"]

{ } 1.d4 Nf6 2.c4 e6 3.Nc3 Bb4 4.e3 O-O 5.Bd3 d5 6.a3 Bxc3+ 7.bxc3 c5 8.Ne2 b6
( 8...dxc4 9.Bxc4 e5 10.O-O Nc6 11.Bb5 Qc7 12.Bxc6 bxc6 13.Qa4 exd4 14.cxd4
Ng4 15.Ng3 cxd4 16.exd4 Be6 17.h3 Nf6 18.Bd2 Qd7 19.Rfc1 Bd5 20.Qc2 Rfe8
21.Re1 Be6 22.Bg5 Nd5 23.Ne4 Nc7 24.Qd2 Bf5 25.Nc5 Qd5 26.Rxe8+ Rxe8 27.Be3
Nb5 28.Nd3 { ...0-1, Stroppa Daniel 2223 - Dizdar Goran 2570 , Paris 1998 It
(open) } ) ( 8...Nc6 9.cxd5 exd5 10.O-O Re8 11.Ng3 b6 12.Re1 Bb7 13.Ra2 Qc7
14.Rc2 c4 15.Bf1 Na5 16.f3 Nb3 17.Rce2 h5 18.Qc2 g6 19.e4 dxe4 20.fxe4 h4
21.Bg5 Nh7 22.Bxh4 g5 23.Bxg5 Nxg5 24.e5 Re6 25.h4 Nh7 26.Rf2 Bd5 27.Nh5 Rh6
28.Nf4 { ...1/2-1/2, Arencibia Walter 2532 - Santacruz Cesar S 2311 , Junin
1987 Ch Pan-American (team) } ) 9.cxd5 exd5 10.O-O Ba6 11.Bxa6 { ? } 11...Nxa6
12.f3 Re8 13.Ng3 Nc7 ( 13...Qd7 14.Qd3 Qb7 15.Ra2 Re6 16.Re2 Rae8 17.Rfe1 h5
18.Nh1 Nc7 19.Nf2 Qa6 20.Qxa6 Nxa6 21.e4 dxe4 22.fxe4 Nd5 23.Bb2 cxd4 24.cxd4
f5 25.e5 Rc6 26.Rc1 Rxc1+ 27.Bxc1 Rc8 28.Bb2 Kf7 29.h4 Ke6 30.Nd3 Rc4 31.g3
Nac7 32.Kg2 Nb5 33.Nf4+ { ...0-1, Lockwood William 1948 - Spraggett Kevin 2578
, Metz 22. 4.2006 It (open) } ) ( 13...Nb8 14.Ra2 Nc6 15.Raf2 Qd7 16.Qd3 Re6
17.Bb2 Rd8 18.Kh1 Rde8 19.Re2 h5 20.Rfe1 Ne7 21.e4 h4 22.e5 c4 23.Qc2 hxg3
24.exf6 Nf5 25.fxg7 Rxe2 26.Rxe2 b5 27.Bc1 Rxe2 28.Qxe2 Qd6 29.Qe1 a5 30.hxg3
Qxg3 31.Qxg3 Nxg3+ 32.Kh2 Ne2 33.Bd2 { ...0-1, Otero Diasmany 2426 - Hernandez
Holden 2473 , Santiago de Cuba 6.2004 It "Copa Moncada" } ) 14.Qd3 Ne6 15.Rd1
{ N } ( 15.Bb2 Qc7 ( 15...Rc8 16.Rad1 Qc7 17.Rf2 cxd4 18.cxd4 g6 19.Rc1 Qd7
20.Rxc8 Rxc8 21.e4 Qa4 22.e5 Nf4 23.Qd2 N6h5 24.Nxh5 Nxh5 25.g4 Ng7 26.f4 Qb3
27.f5 Qh3 28.Qf4 h5 29.fxg6 fxg6 30.gxh5 Qxh5 31.Qf7+ Kh7 32.Qxd5 Rc2 33.Qg2
Nf5 34.h3 Qd1+ { ...0-1, Zhao Zong-Yuan 2461 - Wohl Aleksandar H 2452 ,
Queenstown 20. 1.2006 It (open) } ) 16.Rac1 Qb7 17.Rce1 Rad8 18.Kh1 Qc6 19.Qd2
Nc7 20.Nf5 Re6 21.dxc5 bxc5 22.c4 Qd7 23.Qc2 g6 24.Nh6+ Kg7 25.cxd5 Nxd5
26.Ng4 Qe7 27.e4 Kg8 28.exd5 Rxe1 29.Nxf6+ Kf8 30.Nxh7+ Kg8 31.Nf6+ Kf8 32.Qf2
{ 1-0, Kramnik Vladimir 2807 - Alsina Leal Daniel 2210 , Barcelona 2002
Simultan } ) ( 15.Ra2 Rc8 16.Rd2 ( 16.Re2 Qc7 17.Bb2 { 1/2-1/2, Cutmore David
A 2092 - Horton Justin 2091 , England 21.11.2004 Ch England (team) 2004/05 (2
div) } ) 16...Qc7 17.e4 Nf4 18.Qe3 cxd4 19.cxd4 N4h5 20.e5 Nxg3 21.hxg3 Nd7
22.Qg5 f6 23.exf6 Nxf6 24.Rdf2 Qc3 25.Kh2 Qd3 26.g4 Rc4 27.Qf5 Qxf5 28.gxf5
Rxd4 29.Bb2 Rd3 30.Rc1 Re7 31.Rc6 Kf7 32.Rfc2 Rd7 33.Rc7 Ke7 34.a4 d4 {
...1/2-1/2, Sakaev Konstantin 2495 - Sunye Neto Jaime 2507 , Sao Paulo 1991 It
(open) } ) ( 15.Bd2 Rc8 16.Rac1 Qd7 17.Rfe1 Red8 18.Nf5 g6 19.Ng3 Qa4 20.f4
Re8 21.f5 Ng5 22.fxg6 hxg6 23.Rf1 Nge4 24.Nxe4 Nxe4 25.dxc5 Rxc5 26.Be1 Qxa3
27.Rd1 Qa2 28.h4 Re6 29.Rf4 b5 30.Qf1 f6 31.Qf3 Qa6 32.Qg4 g5 33.Rf5 Qc6
34.Ra1 a6 { ...1/2-1/2, Castillo Larenas Mariano - Eliskases Erich G 2430 ,
Buenos Aires 1939 Olympiad } ) 15...Qd7 { -0.33 CAP } 16.a4 Rac8 17.e4 dxe4
18.fxe4 cxd4 19.cxd4 Rcd8 20.Nf5 Nc5 21.Qg3 g6 22.Nh6+ Kg7 23.e5 Nfe4 24.Qf3
f5 25.Be3 Nb3 26.Rab1 Qxa4 { ? } ( 26...Nc3 27.Rxb3 Nxd1 28.Qxd1 Rxe5 29.Qd2
Rxe3 30.Rxe3 Qxd4 31.Qxd4+ Rxd4 32.Nxf5+ gxf5 33.Re7+ Kf6 { } ) 27.Nxf5+ gxf5
28.Rxb3 Kg6 29.Rbd3 h5 30.Qf4 Rh8 31.d5 Qd7 32.Rf1 Rdf8 33.Bc1 h4 34.Ba3 Nc5
35.Bxc5 bxc5 36.Qc4 Re8 37.e6 Qd6 38.Ra3 Re7 { } {#r} 1-0

[Event "It \"]
[Site "masterchessopen.com Ilyichevsk (Ukraine)"]
[Round "11"]
[White "Golovlev Nikolay (UKR)"]
[Black "Kurochkin Valery (UKR)"]
[Result "1-0"]
[WhiteElo "2320"]
[BlackElo "2145"]

1.d4 Nf6 2.c4 e6 3.Nc3 Bb4 4.e3 O-O 5.Bd3 d5 6.a3 Bxc3+ 7.bxc3 c5 8.cxd5 exd5
9.Ne2 b6 10.O-O Ba6 11.f3 Re8 12.Ng3 Bxd3 13.Qxd3 Nc6 14.Bb2 Rc8 15.Rae1 h5
16.e4 cxd4 17.cxd4 h4 18.Nf5 g6 19.Nxh4 dxe4 20.fxe4 Ne5 21.Qg3 Nc4 22.Nxg6
Nxb2 23.Ne7+ Kf8 24.Nxc8 Qxd4+ 25.Kh1 Nxe4 26.Qf4 Qc4 27.Nd6 Nxd6 28.Qxd6+ Kg7
29.Qf6+ Kh7 30.Rxe8 {#r} 1-0

[Event "It (open) \"]
[Site "masterchessopen.com Athens (Greece)"]
[Date "2007.08.19"]
[Round "6"]
[White "Petritaj Fotjon (ALB)"]
[Black "Goumas Georgios (GRE)"]
[Result "0-1"]
[WhiteElo "2244"]
[BlackElo "2240"]

1.d4 Nf6 2.c4 e6 3.Nc3 Bb4 4.e3 O-O 5.Bd3 d5 6.a3 Bxc3+ 7.bxc3 c5 8.Ne2 b6
9.cxd5 exd5 10.a4 Re8 11.O-O Ba6 12.f3 Bxd3 13.Qxd3 Qd7 14.Ng3 Nc6 15.Ra2 cxd4
16.cxd4 Nb4 17.Qb3 Nxa2 18.Qxa2 Rac8 19.e4 dxe4 20.Bg5 Qxd4+ 21.Kh1 e3 22.Qb1
Rcd8 {#R} 0-1

[Event "Ch Russia (Higher League)"]
[Site "masterchessopen.com Krasnoyarsk (Russia)"]
[Date "2007.09.14"]
[Round "11"]
[White "Pevzner Lev (RUS)"]
[Black "Lysyj Igor (RUS)"]
[Result "0-1"]
[WhiteElo "2395"]
[BlackElo "2591"]

1.d4 Nf6 2.c4 e6 3.Nc3 Bb4 4.e3 O-O 5.Bd3 d5 6.a3 Bxc3+ 7.bxc3 c6 8.Ne2 b6
9.O-O Ba6 10.cxd5 Bxd3 11.Qxd3 cxd5 12.f3 Nbd7 13.e4 dxe4 14.Qe3 Nd5 15.Qxe4
Qc7 16.Qd3 Rac8 17.Bd2 Qc4 18.Qxc4 Rxc4 19.a4 a6 20.Rfb1 Re8 21.Kf1 h6 22.Rb3
e5 23.Rbb1 f5 24.dxe5 Rxe5 25.Re1 Kf7 26.Nd4 Kf6 27.Rxe5 Nxe5 28.Re1 Rxa4 {#R}
0-1

[Event "Cup European Club"]
[Site "masterchessopen.com Kemer (Turkey)"]
[Date "2007.10.08"]
[Round "6"]
[White "Sokolov Ivan (NED)"]
[Black "Miroshnichenko Evgenij (UKR)"]
[Result "1-0"]
[WhiteElo "2673"]
[BlackElo "2651"]

{ Sokolov Ivan (NED) +1 =2 -1 Miroshnichenko Evgenij (UKR) +1 =0 -0 } 1.d4 Nf6
2.c4 e6 3.Nc3 Bb4 4.e3 O-O 5.Bd3 d5 6.a3 Bxc3+ 7.bxc3 dxc4 ( 7...c5 8.cxd5
exd5 9.Ne2 b6 10.O-O Ba6 11.Bxa6 Nxa6 12.Qd3 Nc7 13.f3 Qd7 14.Ng3 cxd4 15.cxd4
Ne6 16.Bb2 Rac8 17.e4 g6 18.Rae1 Qa4 19.Rf2 Rfe8 20.e5 Ng7 21.Ref1 Nd7 22.f4
f5 23.exf6 Nxf6 24.f5 g5 25.Bc1 h6 26.h4 gxh4 27.Ne2 { ...0-1, Golovlev
Nikolay 2306 - Miroshnichenko Evgenij 2632 , Alushta 27. 4.2007 Ch Ukraine
(club) } ) 8.Bxc4 c5 9.Ne2 Qc7 10.Ba2 { = } 10...e5 ( 10...b6 11.O-O Ba6
12.Re1 Nc6 13.Ng3 Rad8 14.Bb2 e5 15.Qc2 Rd7 16.Rad1 Rfd8 17.h3 c4 18.a4 Re8
19.Ba3 e4 20.Bb1 Rd5 21.Ne2 Rg5 22.Nf4 Bc8 23.Qe2 Qd7 24.Qxc4 Na5 25.Qb4 Nd5
26.Nxd5 Qxd5 27.h4 Rg4 28.Qb5 Qd8 29.g3 a6 30.Qb4 { ...0-1, Sokolov Ivan 2670
- Polgar Judit 2710 , Hoogeveen 26.10.2006 It (cat.20) } ) 11.O-O ( 11.f3 Rd8
12.d5 e4 13.O-O Nbd7 14.fxe4 Qe5 15.Bb1 Nxe4 16.Qc2 f5 17.c4 Nd6 18.Kh1 Re8
19.Ng3 Nb6 20.Bb2 Qxe3 21.Ba2 Bd7 22.Bb3 Ne4 23.Rf3 Qd2 24.Qb1 Ba4 25.Nxe4
Rxe4 26.Bc3 Qh6 27.Bxa4 Nxa4 28.Qxb7 Rae8 29.Ba5 Rxc4 30.Raf1 Rf8 {
...1/2-1/2, Agdestein Simen 2560 - Chandler Murray G 2610 , Haninge 1988 It
(cat.13) } ) 11...b6 { +0.56 CAP } ( 11...Rd8 12.Bb2 ( 12.f3 Nc6 13.Qd3 Qd6
14.Rb1 { +0.15 CAP } ) 12...Be6 13.c4 exd4 14.exd4 Ng4 15.g3 Ne5 16.d5 Bf5
17.Nf4 Nbd7 18.f3 Qd6 19.Qd2 Qh6 20.Rad1 Re8 21.Qc3 Ng6 22.Ng2 Re2 23.h4 Nge5
24.Rf2 Rxf2 25.Kxf2 Re8 26.g4 Bxg4 27.fxg4 Nxg4+ 28.Kg1 Nde5 29.Rf1 Qd6 30.Rf4
h5 31.Bb3 { ...1-0, Sturua Zurab 2560 - Timoshenko Georgy 2510 , Berlin 1996
It (open) "Berlin Summer" } ) ( 11...Nc6 12.d5 Rd8 13.c4 e4 14.Qc2 Ne7 15.Ng3
Bf5 16.Bb2 Bg6 17.Rad1 Nc8 18.Bxf6 gxf6 19.Nxe4 Qe7 20.Bb1 Nd6 21.f3 f5
22.Nxd6 Qxe3+ 23.Qf2 Qxf2+ 24.Rxf2 Rxd6 25.Rb2 Rb6 26.Rdd2 f4 27.Be4 Kf8
28.Kf2 Rd8 29.Rxb6 axb6 30.d6 Rd7 31.Bxb7 { ...1-0, Plachetka Jan 2410 -
Janetschek Karl 2289 , Austria 15. 4.2007 Bundesliga B East 2006/07 } ) 12.Ng3
{ N } ( 12.d5 c4 13.Ng3 Nbd7 14.Rb1 Ne8 15.Ne4 Ndf6 16.Nxf6+ Nxf6 17.Rb4 Ba6
18.Bb1 Rad8 19.e4 Nd7 20.Be3 Nc5 21.f4 f6 22.Bc2 Bb7 23.fxe5 fxe5 24.Rxf8+
Rxf8 25.Rb1 Qd6 26.a4 Bc8 27.Qe2 Ba6 28.Qh5 Nd3 29.Rf1 Rxf1+ 30.Kxf1 h6
31.Qe8+ Kh7 { ...0-1, Tarasov Mikhail 2410 - Barbitskij Aleksey 2269 , St.
Petersburg 1998 It (open) "White Nights" } ) 12...Ba6 13.Re1 Nbd7 14.e4 Rad8
15.Nf5 g6 16.Ne7+ Kg7 17.Bg5 Rde8 18.Nd5 Nxd5 19.Bxd5 h6 20.Be3 Nf6 21.dxe5
Qxe5 22.Qd2 Qh5 23.c4 Kh7 24.Bf4 Nxd5 25.cxd5 g5 26.Bd6 Rg8 27.e5 Qg6 28.Re3
Rd8 29.Be7 Rd7 30.d6 Re8 31.Rae1 { ?! } ( 31.Bf6 { !? } 31...Re6 32.f3 Bb7
33.Rae1 Bc6 34.Rc3 { } ) 31...Bc4 { ?! } ( 31...Rexe7 { !? } 32.dxe7 Rxd2
33.e8=Q Bc4 34.h3 Bd5 35.Qa4 Kg7 { } ) 32.Qc3 Bd5 33.h3 Qf5 34.Qd2 Qe6 35.h4
g4 36.Qd3+ Kg8 37.Bf6 Bc6 38.Qc2 c4 39.Rd1 b5 40.Rg3 { } {#r} 1-0

[Event "It \"]
[Site "masterchessopen.com Las Vegas (USA)"]
[Date "2007.12.28"]
[Round "4"]
[White "Ibragimov Ildar (USA)"]
[Black "Friedel Joshua E (USA)"]
[Result "1-0"]
[WhiteElo "2598"]
[BlackElo "2477"]

{ Ibragimov Ildar (USA) +5 =3 -0 } 1.d4 Nf6 2.c4 e6 3.Nc3 Bb4 4.e3 O-O 5.Bd3
d5 6.a3 Bxc3+ 7.bxc3 c5 8.cxd5 Qxd5 { ? } ( 8...exd5 9.Ne2 Bg4 10.f3 Bh5
11.Nf4 Bg6 12.Be2 Nc6 13.h4 h5 14.O-O Ne7 15.dxc5 Qa5 16.Nxg6 fxg6 17.Rb1 Qxc5
18.c4 dxc4 { 1/2-1/2, Bacrot Etienne 2717 - Vallejo Pons Francisco 2650 ,
Morelia 20. 2.2006 It (cat.20) } ) 9.Nf3 { ? } 9...b6 ( 9...cxd4 10.exd4 Nbd7
11.c4 Qa5+ 12.Bd2 Qc7 13.O-O e5 14.Nxe5 Nxe5 15.Bf4 Nfg4 16.dxe5 f6 17.Qc2 h6
18.Qe2 fxe5 19.Bg3 Re8 20.Rfe1 Qc5 21.Rad1 Nf6 22.Qc2 Bg4 23.Rc1 e4 24.Bxe4
Nxe4 25.Rxe4 Bf5 26.Rxe8+ Rxe8 27.Qb3 b6 28.h3 Rc8 29.Bf4 { ...1/2-1/2, Kotov
Alexander A 2500 - Yanofsky D A 2410 , Groningen 1946 It } ) 10.Qe2 ( 10.c4
Qh5 11.O-O Bb7 12.Be2 Nbd7 13.Ne5 Qg5 14.Bf3 Bxf3 15.Nxf3 Qf5 16.Qe2 Rac8
17.Bb2 cxd4 18.Nxd4 Qc5 19.Rac1 e5 20.Nf5 e4 21.Ng3 Rfe8 22.Bd4 Qg5 23.f3 Nc5
24.Rcd1 exf3 25.Qxf3 Re6 26.Nf5 Nce4 27.h4 Qg6 28.Bxf6 Qxf6 29.Qg4 Rce8 {
...1-0, Korchnoi Viktor 2635 - Luther Thomas 2550 , Ptuj 1995 Zt } ) 10...Bb7
( 10...cxd4 11.cxd4 Bb7 12.O-O Nbd7 13.Bb2 Rac8 14.Rfc1 h6 15.Bc4 Qf5 16.a4
Rfd8 17.Bb5 Qd5 18.Ba3 Ne4 19.Be7 Re8 20.Bb4 a5 21.Be1 Red8 22.Bc4 Qc6 23.Qb2
Ng5 24.Be2 Qe4 25.h4 Nh7 26.Rxc8 Rxc8 27.Rc1 Rxc1 28.Qxc1 Bc6 29.Qd1 Nhf6
30.Bf1 { ...1-0, Gelfand Boris 2685 - Rozentalis Eduardas 2590 , Tilburg 1992
It (play-off) "Interpolis" } ) 11.O-O ( 11.e4 Qh5 12.h3 cxd4 13.cxd4 Ba6
14.Bg5 Bxd3 15.Qxd3 Nbd7 16.O-O Rfc8 17.Rac1 Qg6 18.Rfe1 h6 19.Bd2 Rxc1
20.Bxc1 Rc8 21.Bd2 Rd8 22.Qe2 Nb8 23.Ne5 Qh5 24.Qc4 Ne8 25.Bb4 Qg5 26.f4 Qf6
27.a4 Nd7 28.Nc6 Ra8 29.f5 exf5 30.e5 Qh4 { ...1-0, Reshevsky Samuel H 2430 -
Levin Jacob, New York 1942 Ch USA } ) 11...Nbd7 12.Re1 ( 12.Bb2 Rac8 13.a4
Rfd8 14.Rfd1 c4 15.Bc2 Nf8 16.Ne1 a6 17.f3 b5 18.e4 Qd7 19.g4 Qc7 20.Ng2 Bc6
21.axb5 axb5 22.Ba3 Ra8 23.Qe3 Be8 24.Bb4 Rxa1 25.Rxa1 Qb7 26.g5 N6d7 27.Nf4
Ra8 28.Rd1 Qb6 29.h4 Ng6 30.Ng2 e5 31.h5 exd4 { ...1-0, Milov Vadim 2602 -
Mateo Ramon 2391 , Linares 2001 It (open) } ) 12...Ne4 13.Bb2 { +0.18 CAP N }
( 13.c4 Qh5 14.Qc2 f5 15.Be2 Rf6 16.Ne5 Qe8 17.f3 Nxe5 18.dxe5 Rg6 19.fxe4
Bxe4 20.Bd3 Rxg2+ 21.Qxg2 Bxg2 22.Kxg2 Rd8 23.Be2 Qc6+ 24.Bf3 Qa4 25.e4 fxe4
26.Rxe4 Qc2+ 27.Re2 Qxc4 28.a4 Rf8 29.Bb2 Qb3 30.Bc6 Qd3 31.Rae1 Rf4 32.Bc1
Rg4+ { ...0-1, Thorfinnsson Bragi 2215 - Bjarnason Saevar 2265 , Akureyri 1997
Ch Iceland } ) 13...Rac8 14.c4 Qh5 15.a4 a5 16.Rab1 f5 17.Red1 Bc6 18.Qc2 Ndf6
{ ?! } ( 18...Rcd8 { !? } 19.Be2 Qf7 20.h3 Rfe8 21.Rd3 cxd4 { } ) 19.Ne5 Qe8
20.Nxc6 Qxc6 21.d5 exd5 22.cxd5 Qd7 { ?! } ( 22...Qe8 { !? } 23.Ba6 Rd8 24.Rd3
Qf7 25.Bc4 { } ) 23.d6 Nxd6 24.Bc4+ Kh8 25.Be5 Rc6 26.Bb5 Nfe8 27.Qd3 { } {#r}
1-0

[Event "It (open) (b)"]
[Site "masterchessopen.com Moscow (Russia)"]
[Date "2008.02.07"]
[Round "6"]
[White "Vashchenko Jurij (RUS)"]
[Black "Komissarov Stanislav (RUS)"]
[Result "1-0"]
[WhiteElo "2016"]
[BlackElo "2000"]

1.d4 Nf6 2.c4 e6 3.Nc3 Bb4 4.e3 O-O 5.Bd3 d5 6.a3 Bxc3+ 7.bxc3 c5 8.Ne2 Bd7
9.cxd5 exd5 10.O-O Bc6 11.f3 Re8 12.Ng3 Qa5 13.Bd2 c4 14.Bc2 Nbd7 15.Re1 b5
16.e4 Qb6 17.Kh1 Nf8 18.e5 N6d7 19.f4 a5 20.Rb1 Rab8 21.Qg4 g6 22.Nf5 Kh8
23.Nh6 Kg7 24.f5 {#r} 1-0

[Event "Ch Europe"]
[Site "masterchessopen.com Plovdiv (Bulgaria)"]
[Date "2008.04.25"]
[Round "5"]
[White "Werle Jan (NED)"]
[Black "Kryvoruchko Yuriy (UKR)"]
[Result "1-0"]
[WhiteElo "2582"]
[BlackElo "2627"]

{ } 1.d4 Nf6 2.c4 e6 3.Nc3 Bb4 4.e3 O-O 5.Bd3 d5 6.a3 Bxc3+ 7.bxc3 dxc4 8.Bxc4
c5 9.Ne2 { = } 9...Nbd7 ( 9...Nc6 10.a4 b6 11.Ba3 Qc7 12.Rc1 Rd8 13.Ng3 Bb7
14.O-O Ne5 15.Be2 Ng6 16.Qb3 Rac8 17.Rfd1 Bd5 18.Qb1 Qc6 19.Bb5 Qb7 20.f3 Bc6
21.dxc5 Rxd1+ 22.Rxd1 bxc5 23.e4 a6 24.Bf1 Qa7 25.a5 Rb8 26.Qc2 Qc7 27.Bxc5
Qxa5 28.Bb4 Qb6+ 29.Qf2 { ...1/2-1/2, Sokolov Ivan 2673 - Leko Peter 2755 ,
Odessa 5. 1.2007 Cup World (active) ACP } ) ( 9...Qc7 10.Ba2 b6 11.O-O Ba6
12.Re1 Nc6 13.Ng3 Rad8 14.Bb2 e5 15.Qc2 Rd7 16.Rad1 Rfd8 17.h3 c4 18.a4 Re8
19.Ba3 e4 20.Bb1 Rd5 21.Ne2 Rg5 22.Nf4 Bc8 23.Qe2 Qd7 24.Qxc4 Na5 25.Qb4 Nd5
26.Nxd5 Qxd5 27.h4 Rg4 28.Qb5 Qd8 29.g3 { ...0-1, Sokolov Ivan 2670 - Polgar
Judit 2710 , Hoogeveen 26.10.2006 It (cat.20) } ) 10.O-O b6 ( 10...e5 11.a4
Qc7 12.Ba2 b6 13.Ba3 Ba6 14.c4 Rfe8 15.d5 e4 16.Ng3 Qe5 17.Qc2 Qg5 18.Rae1 h5
19.f4 exf3 20.gxf3 h4 21.Qf5 Re5 22.Qh3 hxg3 23.f4 Qh5 24.Qxh5 Rxh5 25.hxg3
Ne4 26.Kg2 Ndf6 27.Bb2 Ng4 28.Rh1 Rxh1 29.Rxh1 Re8 30.Kf3 { ...0-1, Fradkin
Boris 2456 - Luther Thomas 2526 , Sverdlovsk 1989 It } ) ( 10...Qc7 11.Ba2 b6
12.Ng3 Bb7 13.Bb2 Rfd8 14.Qe2 cxd4 15.exd4 Nd5 16.Qd2 Nf4 17.f3 Nf6 18.Ne4
N6d5 19.c4 Ne7 20.Rac1 Nfg6 21.Rfe1 Qf4 22.Qf2 Nf5 23.g3 Qc7 24.d5 exd5
25.cxd5 Qd7 26.g4 Nd6 27.Qd4 f6 28.Rc6 Ne5 29.Nxf6+ gxf6 30.Rxe5 { ...1-0,
Enklaar Bertus F 2395 - Borm Franciscus W M 2385 , Amsterdam 1985 It (open) }
) 11.Ng3 { +0.15 CAP N } ( 11.f3 Bb7 12.Bb2 Rc8 13.Rc1 Nd5 14.Qd2 Qg5 15.f4
Qg6 16.Bd3 f5 17.Ng3 c4 18.Bc2 N5f6 19.Qe2 h5 20.Rfe1 h4 21.Nf1 h3 22.g3 Ne4
23.a4 Ndf6 24.Ra1 Rfd8 25.Reb1 Qe8 { 0-1, Horvath Julia 2232 - Groszpeter
Attila 2539 , Hungary 1987 Ch Hungary } ) ( 11.Ba2 Bb7 12.Bb2 Qc7 13.Ng3 Rac8
14.Qe2 cxd4 15.cxd4 Qc2 16.Rfc1 Qxe2 17.Nxe2 Bd5 18.Bb1 Rxc1+ 19.Bxc1 Rc8
20.f3 b5 21.Kf2 Nb6 22.e4 Bb3 23.Bd3 Bc4 24.Ke3 Nfd7 25.Nc3 a6 26.Rb1 e5 27.d5
f5 28.exf5 Nf6 29.Bd2 Nfxd5+ 30.Nxd5 Nxd5+ { ...0-1, Henley Ron W 2440 -
Groszpeter Attila 2435 , Graz 1981 Ch World (team) (under 26) } ) 11...Bb7
12.Re1 Qc7 13.Ba2 e5 14.e4 Rad8 15.d5 Ne8 16.Bg5 Ndf6 17.Nf5 Bc8 18.d6 Qb7
19.Bd5 Qa6 20.Ne7+ Kh8 21.Nc6 Rxd6 22.Nxe5 Nxd5 { ?! } ( 22...Be6 { !? } 23.c4
Nxd5 24.exd5 f6 25.Qf3 Bd7 26.Rac1 Kg8 27.Nxd7 Rxd7 28.Qh3 { } ) 23.exd5 Nf6
24.Bxf6 gxf6 25.Qh5 Qb7 26.Rad1 b5 27.Nc6 Qd7 28.h3 Re8 29.Qh6 Kg8 30.Rxe8+
Qxe8 31.Rd3 Bf5 32.Re3 Be4 33.f3 Rxd5 34.fxe4 { } {#r} 1-0

[Event "It (open)"]
[Site "masterchessopen.com Bussum (Netherlands)"]
[Date "2008.05.09"]
[Round "1"]
[White "Pliester Leon (NED)"]
[Black "Hendriks Richard (NED)"]
[Result "1-0"]
[WhiteElo "2383"]
[BlackElo "2116"]

1.d4 Nf6 2.c4 e6 3.Nc3 Bb4 4.e3 O-O 5.Bd3 d5 6.a3 Bxc3+ 7.bxc3 c5 8.cxd5 exd5
9.Ne2 Nc6 10.O-O Re8 11.f3 b6 12.Ra2 Bb7 13.g4 h6 14.Ng3 Rc8 15.Rg2 Rc7 16.h4
Nh7 17.Rh2 Bc8 18.Kh1 Na5 19.g5 cxd4 20.exd4 Rxc3 21.gxh6 g6 22.Ne2 Rc7 23.Bf4
Rce7 24.h5 Re6 25.Rg1 g5 26.Bxh7+ Kxh7 27.Bxg5 f6 28.Qd3+ Kh8 29.Bd2 Rg8
30.Rxg8+ Qxg8 31.Nf4 {#r} 1-0

[Event "It (open)"]
[Site "masterchessopen.com Teplice (Czech Republic)"]
[Date "2008.06.16"]
[Round "3"]
[White "Janda Zdenek (CZE)"]
[Black "Lechtynsky Jiri (CZE)"]
[Result "0-1"]
[WhiteElo "2161"]
[BlackElo "2441"]

1.d4 Nf6 2.c4 e6 3.Nc3 Bb4 4.e3 O-O 5.Bd3 d5 6.a3 Bxc3+ 7.bxc3 dxc4 8.Bxc4 c5
9.Ne2 Qc7 10.Bd3 e5 11.O-O Nc6 12.Qc2 Be6 13.f4 exd4 14.cxd4 c4 15.Bf5 Bxf5
16.Qxf5 Rac8 17.Nc3 Rfe8 18.Rf3 Ne7 19.Qe5 Qd7 20.Qb5 Rc6 21.Rb1 b6 22.Rb4
Ned5 23.Nxd5 Qxd5 24.Qa6 Rc7 25.Rb5 Qd7 26.Re5 Ne4 27.h3 f6 28.Rxe8+ Qxe8
29.Kh2 f5 30.g4 Qd7 31.gxf5 Qxf5 32.Qa4 b5 33.Qa5 Rf7 34.a4 bxa4 35.Ba3 Qxa5
{#R} 0-1

[Event "Tournament (juniors)"]
[Site "masterchessopen.com Chrzanow (Poland)"]
[Date "2008.09.15"]
[Round "8"]
[White "Swiech Przemyslaw (POL)"]
[Black "Lorek Milosz (POL)"]
[Result "1-0"]
[WhiteElo "1448"]
[BlackElo "1928"]

1.d4 Nf6 2.c4 e6 3.Nc3 Bb4 4.e3 O-O 5.Bd3 d5 6.a3 Bxc3+ 7.bxc3 e5 8.dxe5 dxc4
9.exf6 Qxd3 10.Qxd3 cxd3 11.fxg7 Kxg7 12.Bb2 c5 13.c4+ f6 14.Nf3 Nc6 15.g4 Kg6
16.Rg1 Na5 17.Nd2 Be6 18.f4 Nxc4 19.f5+ Kh6 20.Nxc4 Bxc4 21.Bxf6 Rfe8 22.Rg3
{#r} 1-0

[Event "Ch Serbia (team) (1st League)"]
[Site "masterchessopen.com Golubac (Serbia)"]
[Date "2008.09.25"]
[Round "9"]
[White "Misojcic Miroslav (SRB)"]
[Black "Dimitrov Vladimir (BUL)"]
[Result "1-0"]
[WhiteElo "2221"]
[BlackElo "2425"]

1.d4 Nf6 2.c4 e6 3.Nc3 Bb4 4.e3 O-O 5.Bd3 d5 6.a3 Bxc3+ 7.bxc3 c5 8.cxd5 exd5
9.Ne2 b6 10.O-O Ba6 11.f3 Re8 12.Ng3 Bxd3 13.Qxd3 Nc6 14.Bb2 c4 15.Qd2 h5
16.Rae1 g6 17.Qc2 Re6 18.e4 Qe8 19.Bc1 b5 20.Bg5 Nh7 21.Qd2 Qd7 22.exd5 Rxe1
23.Rxe1 Qxd5 24.Bh6 a5 25.Qf4 b4 26.axb4 axb4 27.cxb4 c3 28.Rc1 Nxd4 29.Rxc3
g5 30.Qc1 Rd8 31.Rc5 {#r} 1-0

[Event "It (open)"]
[Site "masterchessopen.com Fouesnant (France)"]
[Date "2008.10.29"]
[Round "6"]
[White "Inkiov Ventzislav (BUL)"]
[Black "Peyre Camille (FRA)"]
[Result "1-0"]
[WhiteElo "2455"]
[BlackElo "1850"]

1.d4 Nf6 2.c4 e6 3.Nc3 Bb4 4.e3 O-O 5.Bd3 d5 6.a3 Bxc3+ 7.bxc3 Nbd7 8.cxd5
exd5 9.Ne2 c5 10.O-O b6 11.Ng3 Bb7 12.f3 Re8 13.Ra2 Nf8 14.Raf2 Ng6 15.Bb1 Qc7
16.e4 cxd4 17.cxd4 Ba6 18.Re1 Rac8 19.e5 Nd7 20.f4 Qc6 21.Bb2 Bc4 22.f5 Ngf8
23.Nh5 g6 24.f6 Ne6 25.Re3 Ndf8 26.Rh3 Qb5 27.Qd2 Qa4 28.Nf4 Ng5 29.Rg3 Nge6
30.h4 Qa5 31.Qe3 Nxf4 32.Rxf4 Qa4 33.Qd2 Qa5 34.Bc3 Qxa3 35.Rf2 Qa4 36.Bf5 Rc7
37.Qh6 Qd1+ 38.Kh2 Ne6 39.Bxe6 fxe6 40.f7+ {#r} 1-0

[Event "It \"]
[Site "masterchessopen.com Calimanesti (Romania)"]
[Date "2010.05.03"]
[Round "1"]
[White "Foisor Mihaela-Veronica (ROM)"]
[Black "Gelip Ioana (ROM)"]
[Result "1-0"]
[WhiteElo "2140"]
[BlackElo "1864"]

1.d4 Nf6 2.c4 e6 3.Nc3 Bb4 4.e3 O-O 5.Bd3 d5 6.a3 Bxc3+ 7.bxc3 b6 8.cxd5 Qxd5
9.f3 Qg5 10.Qc2 Nd5 11.Bxh7+ Kh8 12.Be4 Nxe3 13.Qf2 Nxg2+ 14.Kd1 Qa5 15.Qxg2
{#r} 1-0

[Event "Ch Slovenia (team) (1 liga) West"]
[Site "masterchessopen.com Ljubljana (Slovenia)"]
[Date "2010.10.15"]
[Round "7"]
[White "Jelen Igor (SLO)"]
[Black "Kolaric Spela (SLO)"]
[Result "1-0"]
[WhiteElo "2399"]
[BlackElo "2041"]

1.d4 Nf6 2.c4 e6 3.Nc3 Bb4 4.e3 O-O 5.Bd3 d5 6.a3 Bxc3+ 7.bxc3 c5 8.Ne2 Nc6
9.cxd5 exd5 10.f3 Re8 11.O-O b6 12.Ng3 a5 13.Ra2 Rb8 14.Bb5 Bd7 15.Re1 Re7
16.Rd2 cxd4 17.cxd4 Na7 18.Bxd7 Qxd7 19.e4 dxe4 20.fxe4 Rbe8 21.Rde2 Nc6 22.d5
Rd8 23.Bg5 Ne5 24.Bxf6 gxf6 25.Nf5 Kh8 26.Nxe7 Qxe7 27.Qb3 Rg8 28.Rf1 Qd6
29.h3 Nd7 30.Re3 Rg6 31.Qc3 Nc5 32.Qd4 Ne6 33.e5 Qd8 34.Qc4 {#r} 1-0

[Event "Memorial M.Chigorin (open)"]
[Site "masterchessopen.com St. Petersburg (Russia)"]
[Date "2010.10.29"]
[Round "2"]
[White "Klimov Sergey (RUS)"]
[Black "Khantuev Alexander (RUS)"]
[Result "0-1"]
[WhiteElo "2506"]
[BlackElo "2322"]

1.d4 Nf6 2.c4 e6 3.Nc3 Bb4 4.e3 O-O 5.Bd3 d5 6.a3 Bxc3+ 7.bxc3 dxc4 8.Bxc4 c5
9.Ne2 Qc7 10.Ba2 b6 11.O-O Ba6 12.Re1 Nc6 13.Ng3 Rfd8 14.Bb2 Rac8 15.e4 Qf4
16.h3 cxd4 17.cxd4 Ne5 18.Bb1 Nc4 19.Bc1 Qh4 20.d5 Kh8 21.Qa4 Na5 22.Bb2 Nxd5
23.Ba2 Nf4 24.Red1 Nd3 25.Bd4 Qe7 26.Rd2 Bc4 27.Bxc4 Rxc4 28.Bxg7+ Kxg7 29.Qd1
Rcd4 {#R} 0-1

[Event "Ch Hungary (team) 2010/11"]
[Site "masterchessopen.com Hungary"]
[Date "2010.11.20"]
[Round "3"]
[White "Szabo Zsolt (HUN)"]
[Black "Amstadt Aron (HUN)"]
[Result "1-0"]
[WhiteElo "2196"]
[BlackElo "2262"]

1.d4 Nf6 2.c4 e6 3.Nc3 Bb4 4.e3 O-O 5.Bd3 d5 6.a3 Bxc3+ 7.bxc3 c5 8.cxd5 exd5
9.Ne2 Re8 10.O-O Nc6 11.f3 Be6 12.Qe1 Na5 13.Rb1 Qc7 14.Qh4 Rac8 15.e4 cxd4
16.Bf4 Qd7 17.e5 Bf5 18.Bb5 Bxb1 19.Bxd7 Nxd7 20.Rxb1 dxc3 21.Rc1 c2 22.Nd4
Rc4 23.Qf2 Nxe5 24.Bxe5 Rxe5 25.Rxc2 g6 26.Qd2 b6 27.Qf4 Re8 28.Rxc4 Nxc4
29.Qc7 {#r} 1-0